Institutiones Metaphysicae, quas in usum Auditorum Philosophiae Conscripsit Joan. Bapt. Horváth ...
| Format: | Book |
|---|---|
| Language: | Undetermined |
| Published: |
Tyrnavia
Typis Collegii Academici Soc. Jesu
1771
|
MARC
| LEADER | 00000nam a2200000 a 4500 | ||
|---|---|---|---|
| 001 | vtls001355980 | ||
| 003 | SK-MaSNL | ||
| 005 | 20260224064917.0 | ||
| 008 | 990223s1949 xx 0 und | ||
| 035 | |a SNK000309452 | ||
| 040 | |a SNK |b slo |c SNK |e AACR2 | ||
| 245 | 1 | |a Institutiones Metaphysicae, |b quas in usum Auditorum Philosophiae Conscripsit Joan. Bapt. Horváth ... | |
| 260 | |a Tyrnavia |b Typis Collegii Academici Soc. Jesu |c 1771 | ||
| 300 | |a 477 s. | ||
| 999 | |c 892721 |d 894651 | ||
| 952 | |a SNK |b SNK |y PREZ |7 0 |p 17X01355980001 |o snkSD 13940 |i snk8540/57 |3 rekatalogizácia |0 0 |1 0 |4 0 |d 2006-06-02 |l 0 |r 2026-02-24 06:49:17 |w 2026-02-24 | ||


